| 000 | 00958cam a2200349L 4500 | ||
|---|---|---|---|
| 001 | 76216 | ||
| 005 | 20230410120906.0 | ||
| 008 | 091201s2003 enk 000 u eng d | ||
| 035 | _a(OCoLC)ocn471715361 | ||
| 040 |
_aDKDLA _bdan _cDKDLA |
||
| 020 | _a0415228107 (hc.) | ||
| 020 | _a9780415228107 (hc.) | ||
| 020 | _a0415228115 (pbk.) | ||
| 020 | _a9780415228114 (pbk.) | ||
| 035 | _a(OCoLC)471715361 | ||
| 050 | 1 | 4 |
_aJA66 _b.A314 2003 |
| 082 | 4 |
_a320 _221 |
|
| 084 |
_a141.7/.8 _2z |
||
| 100 | 1 | _aAdams, Ian. | |
| 245 | 1 | 0 |
_aFifty major political thinkers / _cIan Adams and R.W. Dyson. |
| 260 |
_aLondon : _bRoutledge, _c2003. |
||
| 300 | _axi, 255 s. | ||
| 490 | 1 | _aRoutledge key guides | |
| 653 | _aPolitical science. | ||
| 653 | _aPolitical scientists. | ||
| 650 | 4 | _aPolitical science. | |
| 650 | 4 | _aPolitical scientists. | |
| 700 | 1 | _aDyson, R. W. | |
| 830 | 0 | _aRoutledge key guides. | |
| 942 |
_2lcc _cbk |
||
| 994 |
_aC0 _bDRFGD |
||
| 999 |
_c53892 _d53892 |
||